000 00887cam a2200205 4500
001 WB3735-25
008 010920n2001 000 0 eng u
035 _a(Sirsi) u114667
245 _aImprovements in urban life
260 _c2001
490 _aDTLR News Release
_v(398) 20 September 2001, 2(1)
520 _aRegeneration Minister announces partnerships with 24 selected towns to tackle poor use of public space. Also published are details ofmeasures up and running since the Urban White Paper was issued in November 2000. The Urban White Paper Implementation Bulletin can be found on the DTLR website at: http://www.regeneration.dtlr.gov.uk/policies/ourtowns/action/bulletin/implong.htm
590 _aWB
650 _aURBAN POLICY
650 _aURBAN DESIGN ALLIANCE
650 _aURBAN PARTNERSHIP
650 _aURBAN WHITE PAPER
690 _aREGENERATION
942 _n0
999 _c68321
_d68321